Wireless sensor networks / (Record no. 178778)
[ view plain ]
| 000 -LEADER | |
|---|---|
| fixed length control field | 01380 a2200241 4500 |
| 003 - CONTROL NUMBER IDENTIFIER | |
| control field | Nust |
| 005 - DATE AND TIME OF LATEST TRANSACTION | |
| control field | 20221007185125.0 |
| 010 ## - LIBRARY OF CONGRESS CONTROL NUMBER | |
| LC control number | 2005043648 |
| 020 ## - INTERNATIONAL STANDARD BOOK NUMBER | |
| International Standard Book Number | 1580538673 (alk. paper) |
| 040 ## - CATALOGING SOURCE | |
| Transcribing agency | Nust |
| 082 00 - DEWEY DECIMAL CLASSIFICATION NUMBER | |
| Classification number | 681.2,WIR |
| 100 1# - MAIN ENTRY--PERSONAL NAME | |
| Personal name | Bulusu, Nirupama. |
| 9 (RLIN) | 99550 |
| 245 10 - TITLE STATEMENT | |
| Title | Wireless sensor networks / |
| Statement of responsibility, etc. | Nirupama Bulusu, Sanjay Jha, editors. |
| 260 ## - PUBLICATION, DISTRIBUTION, ETC. | |
| Place of publication, distribution, etc. | Boston, MA : |
| Name of publisher, distributor, etc. | Artech House, |
| Date of publication, distribution, etc. | 2005. |
| 300 ## - PHYSICAL DESCRIPTION | |
| Extent | xv, 321 p. : |
| Other physical details | ill. ; |
| Dimensions | 26 cm. |
| 490 1# - SERIES STATEMENT | |
| Series statement | Artech House microelectromechanical systems (MEMS) series |
| 505 ## - FORMATTED CONTENTS NOTE | |
| Formatted contents note | Introduction to Wireless Sensor Networks (Page-1), Potential Field Methods for Mobile-Sensor-Network Deployment (Page-21), Sensor Fault Detection and Calibration (Page-35), Localization (Page-45), Time Synchronization (Page-59), Energy Conservation in Sensor Networks at the Network Layers (Page-75), Multihop Routing (Page-87), Reliable Transmission and Congestion Control (Page-99), Energy-Harvesting-Aware Power Management (Page-119), Sensor-Coordinated Actuation (Page-133), Sensor-Network Tomography (Page-145), Enabling Data –and Event (Page-157), Storage Issues in Sensor Network (Page-177), A Whole-Network Approach to Sensor (Page-191). |
| 650 #0 - SUBJECT ADDED ENTRY--TOPICAL TERM | |
| Topical term or geographic name entry element | Sensor networks. |
| 9 (RLIN) | 94573 |
| 650 #0 - SUBJECT ADDED ENTRY--TOPICAL TERM | |
| Topical term or geographic name entry element | Wireless LANs. |
| 9 (RLIN) | 94460 |
| 700 1# - ADDED ENTRY--PERSONAL NAME | |
| Personal name | Jha, Sanjay. |
| 9 (RLIN) | 99551 |
| 830 #0 - SERIES ADDED ENTRY--UNIFORM TITLE | |
| Uniform title | Microelectromechanical systems series. |
| 9 (RLIN) | 99541 |
| 942 ## - ADDED ENTRY ELEMENTS (KOHA) | |
| Koha item type | Reference |
| Source of classification or shelving scheme | |
| Withdrawn status | Lost status | Source of classification or shelving scheme | Damaged status | Not for loan | Permanent Location | Current Location | Shelving location | Date acquired | Full call number | Barcode | Date last seen | Price effective from | Koha item type | Public note |
|---|---|---|---|---|---|---|---|---|---|---|---|---|---|---|
| Military College of Signals (MCS) | Military College of Signals (MCS) | Reference | 12/12/2016 | 681.2,WIR | MCS32478 | 12/08/2016 | 12/12/2016 | Reference | Almirah No.24, Shelf No.6 |
